| 000 | 00458nam a2200193Ia 4500 | ||
|---|---|---|---|
| 003 | 0100 | ||
| 008 | 130303s9999 xx 000 0 und d | ||
| 040 | _cARRUPELIB | ||
| 050 | _aBT732.5.T93v.2 | ||
| 100 | _aTyrrell, Bernard J | ||
| 245 | _aChristotherapy II | ||
| 245 | _bthe fasting and feasting heart | ||
| 260 | _aNY | ||
| 260 | _bPaulist Pr. | ||
| 260 | _C1982 | ||
| 300 | _a337p | ||
| 650 | _bChristian ethics -- Catholic authors | ||
| 942 | 0 | 0 | _01 |
| 999 |
_c24953 _d24953 |
||